Statistics for The Voice Coaches (US)

Click here to take the quiz!

General Stats

  • This quiz has been taken 86 times
    (24 since last reset)
  • The average score is 12 of 20

Answer Stats

SeasonsCoach% Correct
16-22, 24-PresentJohn Legend
89%
14-21, 23Kelly Clarkson
84%
1-23Blake Shelton
79%
1-16Adam Levine
74%
7, 9, 12, 17,
19, 22, 24
Gwen Stefani
74%
23-24Niall Horan
74%
24-PresentReba McEntire
74%
23, 25-PresentChance the Rapper
68%
21Ariana Grande
63%
11-12, 14Alicia Keys
58%
1-3, 5, 8, 10Christina Aguilera
58%
25-PresentDan + Shay
58%
4, 6Shakira
53%
22Camila Cabello
47%
1-3, 5CeeLo Green
47%
13, 15Jennifer Hudson
47%
11, 13Miley Cyrus
47%
18, 20Nick Jonas
47%
7-10Pharrell
42%
4, 6Usher
42%

Score Distribution

Percentile by Number Answered

Percent of People with Each Score

Your Score History

You have not taken this quiz since the last reset